| 000 | 00639nam a2200193Ia 4500 | ||
|---|---|---|---|
| 003 | GCL | ||
| 008 | 140319s9999 xx 000 0 ara d | ||
| 040 |
_aGCL / _cGCL |
||
| 082 | 0 | 4 |
_a260 _bم د |
| 100 | 1 | _aمحمد جلال شرف | |
| 245 | 1 | 0 |
_aدراسات فى التصوف الاسلامى شخصيات ومذاهب / _cمحمد جلال شرف |
| 260 |
_aالقاهرة : _bدار المعرفة الجامعية ، _c1991 |
||
| 300 |
_a414 ص ؛ _c24 سم |
||
| 650 | 0 | 4 | _aالفلسفة الاسلامية |
| 650 | 0 | 4 | _aالاسلام |
| 650 | 0 | 4 | _aالتصوف الاسلامى |
| 650 | 0 | 4 | _aالتصوف |
| 942 |
_2ddc _cBK |
||
| 999 |
_c40927 _d40927 |
||